Katolicki Uniwersytet Lubelski 1918-2018

Titel: Katolicki Uniwersytet Lubelski 1918-2018 / redakcja Grzegorz Bujak ; Katolicki Uniwersytet Lubelski Jana Pawła II, Instytut Pamięci Narodowej - Komisja Ścigania Zbrodni przeciwko Narodowi Polskiemu
Beteiligt: ; ;
Veröffentlicht: Lublin : Wydawnictwo KUL, 2019
Warszawa : Instytut Pamięci Narodowej, 2019
Format: Mehrteiliges Werk
Sprache: Polnisch
Schlagworte:
Bände: alle Bände anzeigen
ISBN: 9788380987920
Buchumschlag
X
alg: 47320662
001A    $03004:03-12-20 
001B    $03004:06-01-21 $t13:22:23.000 
001D    $03004:03-12-20 
001U    $0utf8 
001X    $00 
002@    $0Acy 
002C    $aText $btxt $2rdacontent 
002D    $aohne Hilfsmittel zu benutzen $bn $2rdamedia 
002E    $aBand $bnc $2rdacarrier 
003@    $0473206625 
004A    $A978-83-8098-792-0 
007A    $0BV046797468 $aBVB 
010@    $apol 
010E    $erda 
011@    $a2019 
013D    $#Beiträge Formschlagwort $#Einzelbeiträge $#Sammelwerk Formschlagwort $74143413-4 $8Aufsatzsammlung [Ts1] $9085562742 
021A    $aKatolicki Uniwersytet Lubelski 1918-2018 $hredakcja Grzegorz Bujak ; Katolicki Uniwersytet Lubelski Jana Pawła II, Instytut Pamięci Narodowej - Komisja Ścigania Zbrodni przeciwko Narodowi Polskiemu 
028C    $8Bujak, Grzegorz$Z1965- [Tp3] $9466530943 
028C    $8Mirek, Agata$Z1970- [Tp3] $9466758014 
028C    $713846846X $8Rabiński, Jarosław$Z1972- [Tp3] $9213251795 
033A    $pLublin $nWydawnictwo KUL 
033A    $pWarszawa $nInstytut Pamięci Narodowej 
037A    $aVerfasserangabe Tom 2: redakcja Agata Mirek; tom 3: Jarosław Rabiński 
044K    $qBVB $RKatolicki Uniwersytet Lubelski $#John Paul II Catholic University $#John Paul II Catholic University of Lublin $#Katholische Universität Lublin "Johannes Paul II" $#Katolicki Uniwersytet Lubelski 2005- $#Katolicki Uniwersytet Lubelski Jana Pawła II KUL $#Katolicki Uniwersytet Lubelski Jana Pawła II w Lublinie $#KUL 2005- $#KUL Katolicki Uniwersytet Lubelski Jana Pawła II $#KULJPII $#Universitas Catholica Lublinensis Ioannis Pauli II $#Université catholique Jean-Paul II de Lublin $#Люблинский католический университет Иоанна Павла II $710151778-6 $8Katolicki Uniwersytet Lubelski Jana Pawła II [Tb1] $9182369951 
044K    $qBVB $RKongresspolen $RWestgalizien $#Generalgouvernement Polen $#Polska $#Rzeczpospolita Polska $#Polska Rzeczpospolita Ludowa $#Poland $#Pologne $#République Polonaise $#Generalne Gubernatorstwo w Polsce $#Polish People's Republic $#Polska Rzeczpospolita Polen $#PRL $#RP $#Polen Generalgouvernement $#Polska Generalgouvernement $#Besetzte Polnische Gebiete $#Besetztes Gebiet in Polen $#Okupowane Polskie Obszary $#Obszary Okupowane w Polsce $#Volksrepublik Polen $#Polska Rosyjska $#Republic Polen $#Respublika Pol'ša $#Pol'skaja Narodnaja Respublika $#République de Pologne $#Polen Links der Weichsel $#Polska po Lewej Stronie Wisły $#Lenkija $#Polija $#Gubernija Carstva Pol'skago $#Republik Polen $74046496-9 $8Polen [Tg1] $9085129801 
044K    $qBVB $#Lublin $#Ljublin $#Lublin, Urza̜d Miejski $#Urza̜d Miejski Lublin $74036418-5 $8Lublin [Tg1] $908509868X 
044K    $qBVB $RUniversität $RKatholische Hochschule $#Catholic universities and colleges $#Universités catholiques $#Universidades católicas $74030007-9 $8Katholische Universität [Ts1] $9085079529 
045F    $a370.94380904 $eDDC23BSB 
045F/01 $a370.9 
045F/03 $f0904 
045F/03 $f0905 
045F/03 $g438 
045R    $aGeschichte 1918-2018 
045T    $aOST $qDE-12 $2FID 

lok: 47320662 24

exp: 47320662 24 1 #EPN
201B/01 $006-01-21 $t13:22:23.000 
201C/01 $003-12-20 
201U/01 $0utf8 
203@/01 $01131668308 
208@/01 $a03-12-20 $bda 
209B/01 $aFortsetzung abgeschlossen (050) $x09 
220C/01 $ajwa/lop 

lok: 47320662 78

exp: 47320662 78 1 #EPN
201B/01 $026-05-21 $t15:45:58.000 
201C/01 $026-05-21 
201U/01 $0utf8 
203@/01 $01154338274 
208@/01 $a26-05-21 $be 
209A/01 $a/ $f000 $x00 
209A/01 $ab*p $x01 
220C/01 $apgar 
244Z/01 $#Generalgouvernement Polen $#Polska $#Rzeczpospolita Polska $#Polska Rzeczpospolita Ludowa $#Poland $#Pologne $#République Polonaise $#Generalne Gubernatorstwo w Polsce $#Polish People's Republic $#Polska Rzeczpospolita Polen $#PRL $#RP $#Polen Generalgouvernement $#Polska Generalgouvernement $#Besetzte Polnische Gebiete $#Besetztes Gebiet in Polen $#Okupowane Polskie Obszary $#Obszary Okupowane w Polsce $#Volksrepublik Polen $#Polska Rosyjska $#Republic Polen $#Respublika Pol'ša $#Pol'skaja Narodnaja Respublika $#République de Pologne $#Polen Links der Weichsel $#Polska po Lewej Stronie Wisły $#Lenkija $#Polija $#Gubernija Carstva Pol'skago $#Republik Polen $74046496-9 $8--Tg1--Polen $x01 $9085129801 
247C/01 $82080>Marburg/Lahn, Herder-Institut, Forschungsbibliothek, Bibliographieportal $9336309341
LEADER 00000cam a22000002ca4500
001 473206625
003 DE-603
005 20210106132223.0
007 tu
008 201203s2019 xx |||| | u00||u|pol c
020 |a 9788380987920 
035 |a (DE-599)BVBBV046797468 
040 |a DE-603  |b ger  |c DE-603  |d DE-603  |e rda 
041 |a pol 
082 0 4 |8 1\u  |a 370.94380904  |q DE-101  |2 23/BSB 
084 |a OST  |q DE-12  |2 fid 
085 |8 1\u  |b 370.9 
085 |8 1\u  |z 1  |s 0904 
085 |8 1\u  |z 1  |s 0905 
085 |8 1\u  |z 2  |s 438 
245 0 0 |a Katolicki Uniwersytet Lubelski 1918-2018  |c redakcja Grzegorz Bujak ; Katolicki Uniwersytet Lubelski Jana Pawła II, Instytut Pamięci Narodowej - Komisja Ścigania Zbrodni przeciwko Narodowi Polskiemu 
264 1 |a Lublin  |b Wydawnictwo KUL  |c 2019 
264 1 |a Warszawa  |b Instytut Pamięci Narodowej  |c 2019 
336 |a Text  |b txt  |2 rdacontent 
337 |a ohne Hilfsmittel zu benutzen  |b n  |2 rdamedia 
338 |a Band  |b nc  |2 rdacarrier 
500 |a Verfasserangabe Tom 2: redakcja Agata Mirek; tom 3: Jarosław Rabiński 
610 1 7 |a Katolicki Uniwersytet Lubelski Jana Pawła II  |2 gnd  |0 (DE-588)10151778-6  |0 (DE-603)182369951 
648 7 |a Geschichte 1918-2018  |2 gnd 
650 7 |a Katholische Universität  |0 (DE-588)4030007-9  |0 (DE-603)085079529  |2 gnd 
651 7 |a Polen  |0 (DE-588)4046496-9  |0 (DE-603)085129801  |2 gnd 
651 7 |a Lublin  |0 (DE-588)4036418-5  |0 (DE-603)08509868X  |2 gnd 
655 7 |a Aufsatzsammlung  |2 gnd-content  |0 (DE-588)4143413-4  |0 (DE-603)085562742 
700 1 |a Bujak, Grzegorz  |d 1965-  |0 (DE-603)466530943  |0 (DE-588)1213313252  |2 gnd 
700 1 |a Mirek, Agata  |d 1970-  |0 (DE-603)466758014  |0 (DE-588)1213539692  |2 gnd 
700 1 |a Rabiński, Jarosław  |d 1972-  |0 (DE-603)213251795  |0 (DE-588)13846846X  |2 gnd 
924 0 |9 603  |a (DE-603)1131668308  |b DE-603  |c HES  |d d 
924 0 |9 2080  |a (DE-603)1154338274  |b DE-2080  |c HES  |d d  |g /